Estadísticas para Películas de Illumination

Haz click aquí para intentar la prueba.

Estadísticas generales

  • Esta prueba ha sido intentada 43 veces
  • La puntuación promedio es 7 de 12

Estadísticas de respuestas

AñoPelícula% Correcto
2010Mi villano Favorito
97%
2015Minions
95%
2022Minions: Nace un villano
95%
2013Mi villano favorito 2
85%
2017Mi villano favorito 3
85%
2012El lorax
49%
2016Sing
49%
2021Sing 2
49%
2016La vida secreta de tus mascotas
41%
2019La vida secreta de tus mascotas 2
41%
2018El Grinch
38%
2011Hop
21%

Distribución de puntuación

Porcentaje por número respondido

Porcentaje de gente con cada puntuación

Historial de tus puntuaciones

No has intentado esta prueba.